| 000 | 00904nam a22002057a 4500 | ||
|---|---|---|---|
| 999 |
_c21160 _d21160 |
||
| 003 | AR-CdUCM | ||
| 008 | 190503b ||||| |||| 00| 0 spa d | ||
| 040 |
_aMUNICIPALIDAD PROVINCIAL DEL CUSCO _cBIBLIOTECA MUNICIPAL DEL CUSCO |
||
| 082 |
_a985.093 / L93 _bL93 |
||
| 100 |
_aLovaton Huillca, Jaime _944199 |
||
| 245 |
_aEl gobierno del Gral. EP. Juan Velasco Alvarado 1968-1975, bajo la influencia de la Guerra Fría / _cJaime Lovaton Huillca |
||
| 260 |
_aCusco ; _bR&R, _c2017. |
||
| 300 |
_a249 _c24 cm. |
||
| 505 | _aContenido:Aspectos conducentes al golpe militar en el año de 1968 en el Perú -- Factores internos -- Instrumentos para crear condiciones de dominio y dependencia -- La ideología aplicada bajo el dominio de la guerra fría. | ||
| 650 |
_aPolítica y gobierno _92693 |
||
| 650 |
_aRevolución _944200 |
||
| 650 |
_aReforma agraria _91861 |
||
| 942 |
_2ddc _cLIBROS |
||
| 945 | _aRoel | ||